LEADER 01328nam2-2200397---45-- 001 990001086660203316 005 20020704091319.0 010 $a88-02-05168-2 035 $a000108666 035 $aUSA01000108666 035 $a(ALEPH)000108666USA01 035 $a000108666 100 $a20020703d1999----km|y1itay0103----ba 101 0 $aita 102 $aIT 105 $aa|||z|||001yy 200 1 $a<<5: La >>clinica$emetodologia clinica e diagnostica$emetodologia clinica, semeiotica clinica, diagnostica di laboratorio, diagnostica strumentale, epidemiologia 210 $aTorino$cUTET$d[1999] 215 $aXV, 762 p.$cill.$d29 cm 461 1$10010080273$12001$aProfessione medico 801 0$aIT$bUNPD$gRICA 912 $a990001086660203316 951 $a610 PRO 5$b3050 Farm.$c610$d00082356 959 $aBK 969 $aFAR 979 $aJOHNNY$b90$c20020703$lUSA01$h1737 979 $aJOHNNY$b90$c20020703$lUSA01$h1738 979 $aJOHNNY$b90$c20020703$lUSA01$h1741 979 $aJOHNNY$b90$c20020703$lUSA01$h1743 979 $aJOHNNY$b90$c20020703$lUSA01$h1744 979 $aJOHNNY$b90$c20020703$lUSA01$h1744 979 $aJOHNNY$b90$c20020703$lUSA01$h1746 979 $aCHIARA$b90$c20020704$lUSA01$h0913 979 $aPATRY$b90$c20040406$lUSA01$h1715 996 $aClinica$9975439 997 $aUNISA